Some account of the life and religious exercises of Mary Neale, formerly Mary Peisley /

Bibliographic Details
Main Author: Neale, Mary, 1717-1757
Other Authors: Neal, Samuel, 1729-1792 (Compiler)
Format: eBook
Language:English
Series:Early American imprints. Evans (1639-1800) ; no. 30834.
Subjects:
Online Access:Evans Digital Edition

MARC

Tag First Indicator Second Indicator Subfields
LEADER 00000cam a2200000 a 4500
001 in00002139283
006 m e d #
007 cr mn mmmmabba
008 820628r1796 pau s 000 0beng d
005 20260331153138.7
035 |z w003369 
035 |a MAAR8206283704B 
035 |9 mwa91-10917 
035 |a 341182 
035 |a aas03003369 
040 |a MWA  |c MWA  |e bdrb  |d UtOrBLW 
100 1 |a Neale, Mary,  |d 1717-1757. 
245 1 0 |a Some account of the life and religious exercises of Mary Neale, formerly Mary Peisley /  |c Principally compiled from her own writings. 
264 3 |a [Philadelphia] :  |b Dublin--printed: Philadelphia: re-printed for, and sold by, Joseph Crukshank, no. 87, High-Street,  |c 1796. 
300 |a v, 2 unnumbered pages, 8-118 pages, 2 unnumbered pages ;  |c 18 cm. (duodecimo) 
336 |a text  |b txt  |2 rdacontent 
337 |a computer  |b c  |2 rdamedia 
338 |a online resource  |b cr  |2 rdacarrier 
500 |a Signed by the compiler, Samuel Neale. 
510 4 |a Evans  |c 30834 
530 |a Microform version available in the Readex Early American Imprints series. 
533 |a Electronic text and image data.  |b [Chester, Vt. :  |c Readex, a division of Newsbank, Inc.,  |d 2002-2004.  |e Includes files in TIFF, GIF and PDF formats with inclusion of keyword searchable text.  |f (Early American imprints. First series ; no. 30834). 
500 |a Electronic resource. 
600 1 0 |a Neale, Mary,  |d 1717-1757. 
650 0 |a Quakers  |v Biography. 
700 1 |a Neal, Samuel,  |d 1729-1792,  |e compiler. 
752 |a United States  |b Pennsylvania  |d Philadelphia. 
830 0 |a Early American imprints.  |n Series I,  |p Evans (1639-1800) ;  |v no. 30834. 
856 4 1 |u http://proxy.library.tamu.edu/login?url=https://opac.newsbank.com/select/evans/30834  |y Evans Digital Edition  |t 0 
999 |a MARS 
999 f f |s a7f16056-ba55-3bc1-87b8-97bb5509f710  |i 87a8f62b-979c-3127-893c-eb2f95b56994  |t 0 
952 f f |a Texas A&M University  |b College Station  |c Electronic Resources  |s www_evans  |d Available Online  |t 0  |h No information provided 
998 f f |t 0  |l Available Online